Tres príncipes: las historias de Antai, Chiu y Tarapaka
Guardado en:
| Autor principal: | |
|---|---|
| Formato: | Libro |
| Lenguaje: | español |
| Publicado: |
Santiago
Andrés Bello
1994
|
| Colección: | Gran Biblioteca Icarito
|
| Materias: | |
| Etiquetas: |
Agregar Etiqueta
Sin Etiquetas, Sea el primero en etiquetar este registro!
|
MARC
| LEADER | 00000nam a2200000 a 4500 | ||
|---|---|---|---|
| 001 | UCY2387 | ||
| 003 | CL-VaPUC | ||
| 008 | 941024e19940000CL |||||||||||||||||spa|d | ||
| 082 | 0 | 4 | |a Ch863 |b SCH |2 21 |
| 100 | 0 | |a Schkolnik, Saúl |e author |9 330412 | |
| 245 | 1 | 0 | |a Tres príncipes: las historias de Antai, Chiu y Tarapaka |
| 300 | |a 117 p | ||
| 942 | |c BK | ||
| 945 | |d 19941024 00:00:00 |a mfernand | ||
| 260 | |a Santiago |b Andrés Bello |c 1994 | ||
| 650 | 0 | |a Cuentos chilenos |9 308280 | |
| 650 | 0 | |a Cuentos infantiles chilenos |9 308784 | |
| 583 | |a last modification |c 19941024 00:00:00 |k Rodrigo Vera | ||
| 490 | 0 | |a Gran Biblioteca Icarito | |
| 999 | |c 230807 |d 230805 | ||
| 952 | |0 0 |1 0 |4 0 |6 CH_863_000000000000000_SCH_1994 |7 0 |8 A |9 233341 |a BIBEDU |b BIBEDU |d 2019-11-15 |i 3029786 |o Ch863 SCH 1994 |p 3029786 |r 2019-11-15 |w 2019-11-15 |y BK |k EDU | ||